000 00432nam a2200181Ia 4500
008 090122s9999 xx 000 0 und d
082 _b1152
_a891.4681
100 _aयशवंत
245 _aवाकळ
260 _bचित्रशाळा
_c1950
300 _a164
501 _a--
600 _aयशवंत
630 _aवाकळ
700 _aयशवंत
730 _aवाकळ
942 _cBOOK
999 _c25230
_d25230